[Event "E Grand Swiss 2023"]
[Site "Chess.com"]
[Date "2023.10.29"]
[Round "5"]
[White "Erigaisi, Arjun"]
[Black "Jumabayev, Rinat"]
[Result "1-0"]
[WhiteElo "2712"]
[BlackElo "2585"]
[EventDate "2023.??.??"]
[Annotator "rafael"]
[PlyCount "135"]
[Beauty "5982621008436"]
[EventType "team-tourn"]
[EventCountry "FID"]
[TimeControl "40/5400+30:1800+30"]

1.e4 e5 2.Nf3 Nc6 3.Bb5 Nf6 4.d3 Bc5 5.c3 d5 6.exd5 Qxd5 7.Bc4 Qd6 8.b4 Bb6 9.Nbd2 ( 9.a4 {is played more often.} ) 9...Bg4 {A new move. Jumabayev had used a lot of time already, so I doubt it was prepared beforehand.} ( 9...Bf5 10.Ng5 O-O 11.Nde4 Nxe4 12.dxe4 Qxd1+ 13.Kxd1 Bg4+ {with a balanced game, the theory goes much deeper.} ) ( 9...O-O ) 10.a4 {Judging by the continuation of the game, it's possible to say that castling immediately is more accurate.} ( 10.O-O ) 10...e4 $1 {[%c_effect e4;square;e4;type;GreatFind;persistent;true] A very strong pawn sacrifice.} 11.dxe4 ( 11.Qe2 $2 {[%c_effect e2;square;e2;type;Mistake;persistent;true] leads to catastrophe:} 11...O-O-O $1 {[%c_effect c8;square;c8;type;GreatFind;persistent;true]} 12.dxe4 Nh5 $1 {[%c_effect h5;square;h5;type;GreatFind;persistent;true] The knight gets ready to go to f4. Black's huge development advantage is going to tell.} ) ( 11.Nxe4 Nxe4 12.dxe4 Qf6 $1 {[%c_effect f6;square;f6;type;GreatFind;persistent;true] with excellent compensation for the pawn.} ) 11...a5 $1 {[%c_effect a5;square;a5;type;GreatFind;persistent;true] It's necessary to give some air for the bishop.} ( 11...Ne5 $6 {[%c_effect e5;square;e5;type;Inaccuracy;persistent;true]} 12.Be2 {is better for White.} ) 12.bxa5 ( 12.b5 $2 {[%c_effect b5;square;b5;type;Mistake;persistent;true]} 12...Ne5 {This is a much more favorable version for Black, since he doesn't have to worry about the bishop on b6.} ) 12...Nxa5 13.Bb5+ c6 14.Be2 O-O-O 15.O-O {For the sacrificed pawn, Black has an advantage in development and attacking chances. But his next move allows White to simplify the position.} 15...Rhe8 $6 {[%c_effect e8;square;e8;type;Inaccuracy;persistent;true]} ( 15...Bxf3 $1 {[%c_effect f3;square;f3;type;GreatFind;persistent;true] is the best way to play.} 16.Bxf3 ( 16.Nxf3 $2 {[%c_effect f3;square;f3;type;Mistake;persistent;true]} 16...Qxd1 17.Bxd1 Nxe4 ) 16...Bc7 17.g3 h5 $1 {[%c_effect h5;square;h5;type;GreatFind;persistent;true] with good attacking chances on the kingside.} ) 16.e5 Qe6 17.exf6 Qxe2 18.Qxe2 Rxe2 19.fxg7 {Changing the queens must have been a great relief for Erigaisi.} 19...Rg8 20.Nd4 Ree8 ( 20...Bxd4 $1 {[%c_effect d4;square;d4;type;GreatFind;persistent;true] is better:} 21.cxd4 Rxg7 22.Ra3 Be6 {Black is very active and should hold the endgame.} ) 21.Ba3 Rxg7 22.Rfe1 {Now White has a serious advantage. The compensation for the pawn is not adequate anymore.} 22...Rd8 $6 {[%c_effect d8;square;d8;type;Inaccuracy;persistent;true]} ( 22...Rgg8 {gives better chances.} ) 23.Rab1 Bc7 24.Re7 ( 24.Bb4 {is strong, putting pressure on Black's knight that is out of play.} ) 24...Bh3 25.g3 b6 {Jumabayev tries to play c6-c5, but he has no time.} 26.Bb4 $1 {[%c_effect b4;square;b4;type;GreatFind;persistent;true]} 26...Nb7 27.Nc4 Rg6 {Defending the c6-pawn but leaving f7 to its fate.} 28.Rxf7 c5 29.Nb5 Rd7 30.Rxd7 Bxd7 31.Ba3 {White is two pawns up, and we could think that the game is decided, but we will still have an almost inexhaustible amount of adventures.} 31...Be6 32.Ne3 $6 {[%c_effect e3;square;e3;type;Inaccuracy;persistent;true]} ( 32.Na7+ $1 {[%c_effect a7;square;a7;type;GreatFind;persistent;true] closes the game immediately, since another pawn falls.} 32...Kd8 33.Nxb6 ) 32...Bf4 33.Bc1 Na5 34.Ng2 ( 34.Nd5 $1 {[%c_effect d5;square;d5;type;GreatFind;persistent;true] uses a tactical idea to simplify:} 34...Bxd5 ( 34...Bxc1 35.Ne7+ {wins material.} ) 35.Bxf4 {with a winning endgame.} ) 34...Bb8 35.Bf4 Bb3 36.Bxb8 Kxb8 37.f4 $1 {[%c_effect f4;square;f4;type;GreatFind;persistent;true] Passed pawns must be pushed. This saying never gets old.} 37...Bxa4 38.f5 Rg8 39.Ne3 Rd8 40.Na3 ( 40.f6 {White can keep pushing the pawn, but the move played in the game is also good.} ) 40...Bb3 41.Kf2 ( 41.c4 $1 {[%c_effect c4;square;c4;type;GreatFind;persistent;true] is indicated by the computer as a more precise way.} 41...Kc7 42.Re1 {followed by the advance of the kingside.} ) 41...Kc7 42.Kf3 Kc6 43.g4 ( 43.c4 {again is good.} ) 43...Rd2 ( 43...b5 {deserves consideration.} ) 44.f6 Kd7 {The king must come to the defense.} ( 44...Rxh2 $2 {[%c_effect h2;square;h2;type;Mistake;persistent;true]} 45.Rxb3 Nxb3 46.f7 {The pawn promotes.} ) 45.Re1 Rxh2 46.c4 $2 {[%c_effect c4;square;c4;type;Mistake;persistent;true] This move throws away the win, but Black's task is far from easy.} ( 46.Nf5 Ra2 47.Nb5 {White has an easy win with the active knights, the rook ready to go for the seventh rank, and the passed pawn about to queen.} ) 46...Ra2 $1 {[%c_effect a2;square;a2;type;GreatFind;persistent;true] The only defense.} 47.Nb5 ( 47.f7 Ke7 $1 {[%c_effect e7;square;e7;type;GreatFind;persistent;true]} ) 47...Nxc4 48.Nxc4 Bxc4 49.Re7+ Kc6 50.Na7+ Kd6 51.Nc8+ Kc6 52.Rxh7 {Both sides have passed pawns, but the white ones are more advanced.} 52...Ra8 ( 52...Ra1 $1 {[%c_effect a1;square;a1;type;GreatFind;persistent;true] is the best way to make a draw.} 53.g5 Rg1 54.Rg7 Rf1+ {It's not easy for White to advance the pawns. The computer indicates equality.} ) 53.Ne7+ Kd6 54.Kf4 b5 $2 {[%c_effect b5;square;b5;type;Mistake;persistent;true] This move loses.} ( 54...Ke6 $1 {[%c_effect e6;square;e6;type;GreatFind;persistent;true] is necessary.} 55.Kg5 ( 55.g5 Ra1 $1 {[%c_effect a1;square;a1;type;GreatFind;persistent;true] with a draw.} ) 55...b5 $1 {[%c_effect b5;square;b5;type;GreatFind;persistent;true] Black is able to save the endgame.} ) 55.Nf5+ Kc6 56.g5 b4 57.g6 b3 {This is one of the most extraordinary endgames I've ever seen. A fight of attack and counterattack, pawns against pawns, similar to a study with incredible moves popping up at all times. The reader will do well to analyze this position carefully without rushing, as the delight with the moves played and those that remained hidden is the true reason to love chess. Like a John le Carré spy thriller, the twists and turns take place until the last moment, when the plot is finally unraveled with a surprising outcome.} 58.f7 $2 {[%c_effect f7;square;f7;type;Mistake;persistent;true] This is the first mistake, but the players were dealing with a superhuman task.} ( 58.Rh2 $1 {[%c_effect h2;square;h2;type;GreatFind;persistent;true] The pawn must be stopped on b3.} 58...Rb8 59.Rb2 $1 {[%c_effect b2;square;b2;type;GreatFind;persistent;true]} 59...Kd7 60.Kg5 {The white king joins the party, supporting the pawns.} ) 58...b2 59.Rh1 Ba2 $2 {[%c_effect a2;square;a2;type;Mistake;persistent;true]} ( 59...Bxf7 $1 {[%c_effect f7;square;f7;type;GreatFind;persistent;true] This leads to a pretty draw:} 60.gxf7 Rf8 61.Nh6 c4 62.Ke3 Rd8 $1 {[%c_effect d8;square;d8;type;GreatFind;persistent;true] This fine detail was probably missed by Jumabayev. The king is cut, and White will lose the f-pawn, leading the game to a theoretically drawn endgame.} ) 60.Ke5 $1 {[%c_effect e5;square;e5;type;GreatFind;persistent;true]} 60...Kb5 ( 60...b1=Q 61.Rxb1 Bxb1 62.g7 {and White queens.} ) 61.Nd6+ $2 {[%c_effect d6;square;d6;type;Mistake;persistent;true]} ( 61.Rf1 $3 {[%c_effect f1;square;f1;type;Brilliant;persistent;true] This extraordinary move, which is even hard to explain, is the only way to win.} 61...Kb4 62.Ne7 {White wins in all lines, for example:} 62...Bxf7 63.gxf7 c4 64.Nd5+ $1 {[%c_effect d5;square;d5;type;GreatFind;persistent;true]} 64...Kb3 65.Rf3+ $1 {[%c_effect f3;square;f3;type;GreatFind;persistent;true]} 65...Kc2 66.Nc3 b1=Q 67.Nxb1 Kxb1 68.Kd4 ) ( 61.Kf6 Kb4 ) 61...Kb4 62.Ne8 {It seems like the f-pawn is going to promote, which is true, but the game isn't over.} 62...Bxf7 63.gxf7 Ra1 $3 {[%c_effect a1;square;a1;type;Brilliant;persistent;true] A remarkable resource $1} 64.Rh4+ {The best chance.} ( 64.f8=Q Rxh1 65.Qf4+ c4 {Surprisingly, White has no more than a draw.} ) 64...Ka5 $1 {[%c_effect a5;square;a5;type;GreatFind;persistent;true] The only square. One has to admire Jumabayev's play in this endgame.} ( 64...Kb3 65.f8=Q b1=Q 66.Qf3+ {with a decisive attack with the heavy pieces.} ) 65.f8=Q b1=Q $2 {[%c_effect b1;square;b1;type;Mistake;persistent;true] A slip at the last moment.} ( 65...Re1+ $3 {[%c_effect e1;square;e1;type;Brilliant;persistent;true] is the way to force a draw.} 66.Kd5 b1=Q {The exchange of positions between Black's queen and rook is essential, as the rook now controls more important squares. If the c5-pawn is captured, then Black forces the exchange of queens.} ) 66.Nd6 $1 {[%c_effect d6;square;d6;type;GreatFind;persistent;true] A study-like move that clinches the game. Black's checks will soon be over, and White will be ready for the decisive onslaught.} 66...Qb2+ ( 66...Qe1+ 67.Re4 Qc3+ 68.Kd5 Qd3+ 69.Kc6 Qa6+ 70.Kd7 Qa7+ 71.Ke6 {No more checks.} ) 67.Ke6 Qe2+ 68.Kd7 {Black resigned before Erigaisi began the sequence of deadly checks. The Indian GM's games seem like magnets for adventure. They always guarantee lots of fun.} 1-0

[Event "I'M Not A GM Speed Chess Championship 2"]
[Site "Chess.com"]
[Date "2023.10.17"]
[Round "1"]
[White "Trent, Lawrence"]
[Black "Shuvalova, Polina"]
[Result "0-1"]
[WhiteElo "2726"]
[BlackElo "2709"]
[EventDate "2023.??.??"]
[Annotator "Bojkov,Dejan"]
[PlyCount "122"]
[Beauty "6322749707294"]
[EventType "game"]

1.e4 e5 2.Nf3 Nc6 3.Nc3 Nf6 4.a3 {One of the ways to fight in the Four Knights.} 4...Bd6 {Temporarily blocking the other bishop to finish the development.} ( {White's main idea is that after:} 4...d5 5.Bb5 {White is playing as if he is Black, but with an extra tempo. Carlsen managed to make the most out of it in the recent game} 5...dxe4 6.Nxe5 Qd6 7.d4 exd3 8.Nxc6 bxc6 9.Bxd3 Be7 10.O-O Ng4 11.g3 O-O 12.Bf4 Qd8 13.Qf3 {Carlsen,M (2835)-Firouzja,A (2777) Chess.com INT 2023} ) 5.Bc4 O-O 6.O-O h6 7.d3 Re8 8.Ne2 Bf8 9.Ng3 {And it is an Italian now.} 9...d5 10.Ba2 dxe4 11.dxe4 Bg4 {Shuvalova's play is plain and strong.} 12.Be3 $146 {A normal development move, and a novelty.} ( {White got less than nothing in the predecessor:} 12.Qxd8 Raxd8 13.Be3 Bxf3 14.gxf3 Nd4 15.Bxd4 Rxd4 16.Rad1 Red8 17.Rxd4 Rxd4 18.Re1 b5 {Nagy,L (1989)-Exler,V (2109) Austria 2013} ) 12...Nh5 13.Qxd8 ( {Objectively better was} 13.Nxh5 Bxh5 14.Qxd8 Rexd8 15.c3 {was approximate equality.} ) 13...Raxd8 14.h3 $5 {[%c_effect h3;square;h3;type;Interesting;persistent;true] An interesting, albeit dubious idea.} 14...Nxg3 ( {Better would have been to swap the other light piece} 14...Bxf3 $1 {[%c_effect f3;square;f3;type;GreatFind;persistent;true]} 15.gxf3 Nf4 {when Black seizes full control over the dark squares.} ) 15.fxg3 Be6 16.Bxe6 Rxe6 17.Rfd1 Red6 18.Rxd6 Rxd6 19.Kf2 {White's pawn structure has been somewhat damaged, but since the pawns are compact, they can be useful for the knight. Trent plans g3-g4 and then Nf3-h4-f5} 19...f6 20.Ke2 Nd4+ {A tad rushy. Such knights are always very useful.} ( {Stronger was the flexible} 20...Kf7 21.g4 Na5 22.b3 b6 23.Nh4 Rc6 24.Kd3 Nb7 $1 {[%c_effect b7;square;b7;type;GreatFind;persistent;true] when the black knight might become very useful, say} 25.Nf5 g6 26.Ng3 Bc5 $1 {[%c_effect c5;square;c5;type;GreatFind;persistent;true]} ) 21.Bxd4 $1 {[%c_effect d4;square;d4;type;GreatFind;persistent;true] Now that the pawn chain is fixed, the knight can enjoy jumping around, and choosing different attacking setups.} 21...exd4 22.Rd1 c5 ( {Better was} 22...Rb6 $1 {[%c_effect b6;square;b6;type;GreatFind;persistent;true]} 23.b3 Bxa3 24.Nxd4 Bf8 {breaking further the symmetry- something that the bishop loves.} ) 23.a4 Kf7 24.Nd2 Ra6 25.b3 h5 26.Nc4 Re6 27.Kf3 {Defending the g3-pawn.} ( {Although} 27.Kd3 $5 {[%c_effect d3;square;d3;type;Interesting;persistent;true] was possible as after} 27...Bd6 28.Rf1 Bxg3 29.Rf5 {White regains material with interest.} ) 27...Bd6 28.g4 hxg4+ 29.hxg4 {White is pressurizing but there is nothing decisive yet.} 29...Bc7 30.Rh1 Kg8 31.Rh5 g5 32.Rh1 Kg7 33.Rd1 {Trent is once more changing the attacking setup, and is looking for a breakthrough.} 33...b6 {Shuvalova, on her turn, defends everything, just in case. Always a great strategy in blitz.} ( {A neutral move like} 33...Re8 {was possible as well, to which White would have likely played} 34.b4 $5 {[%c_effect b4;square;b4;type;Interesting;persistent;true]} ( {Rather than} 34.c3 dxc3 35.Rd7+ $2 {[%c_effect d7;square;d7;type;Mistake;persistent;true]} 35...Kf8 36.Rxc7 c2 {and the pawn cannot be stopped.} ) ) 34.Na3 Be5 35.Nc4 Bc7 36.Nb2 Re7 37.Nd3 {Another change of the angle of the attack.} 37...Kg6 38.Re1 Be5 39.Rh1 Kg7 40.a5 Rc7 41.Ra1 {And the final preparation for the infiltration.} ( {The immediate} 41.axb6 axb6 42.Ra1 {looked stronger, but Black is still fine after} 42...c4 $1 {[%c_effect c4;square;c4;type;GreatFind;persistent;true]} 43.bxc4 Rxc4 44.Ra2 Rc3 ) 41...b5 {The a-file is locked.} 42.a6 {But Trent hopes to attack along the fifth rank.} 42...c4 $1 {[%c_effect c4;square;c4;type;GreatFind;persistent;true] Alas, Shuvalova starts first.} 43.Nb4 {And this loses $1} ( {It was not too late to bail out with} 43.bxc4 bxc4 44.Nxe5 fxe5 45.Rb1 ) 43...d3 $1 {[%c_effect d3;square;d3;type;GreatFind;persistent;true] The decisive break $1} 44.Rd1 ( {Nothing changes} 44.Rc1 dxc2 45.Rxc2 cxb3 ) 44...Bc3 ( {Or also the simple} 44...dxc2 45.Nxc2 cxb3 46.Nb4 b2 ) 45.Nd5 dxc2 $1 {[%c_effect c2;square;c2;type;GreatFind;persistent;true] The pawns are stronger than the pieces.} 46.Rc1 cxb3 47.Nxc7 b2 {Good enough for the win, of course.} ( {Since every pawn is a potential queen here, it made sense to keep them rather than the bishop} 47...Bd2 $1 {[%c_effect d2;square;d2;type;GreatFind;persistent;true]} ) 48.Rxc2 b1=Q 49.Rxc3 Qd1+ 50.Ke3 Qe1+ 51.Kd3 Qf1+ 52.Kd4 Qf2+ 53.Kd3 b4 {And Shuvalova quickly converted her advantage.} 54.Ne6+ Kf7 55.Nd8+ Ke8 56.Rc8 Qf1+ 57.Kd4 Qxa6 58.Ra8 Kd7 59.Nf7 Qb6+ 60.Kc4 Qc6+ 61.Kxb4 Qxa8 0-1

[Event "I'M Not A GM Speed Chess Championship 20"]
[Site "Chess.com"]
[Date "2023.10.12"]
[Round "1"]
[White "Zhou, Qiyu"]
[Black "Rozman, Levy"]
[Result "0-1"]
[WhiteElo "2334"]
[BlackElo "2752"]
[EventDate "2023.??.??"]
[Annotator "Bojkov,Dejan"]
[PlyCount "58"]
[Beauty "8248082038792"]
[EventType "team-tourn"]

{[%evp 0,58,23,13,34,34,34,33,47,56,46,25,26,8,8,13,11,4,20,6,13,11,47,4,3,15,7,8,40,21,21,-2,-4,-26,-10,-49,-45,-42,-72,-78,-42,-34,-54,-66,-54,-76,-100,-144,-149,-164,-122,-167,-182,-188,-194,-189,-189,-233,-220,-991,-985]} 
1.e4 e6 2.d4 d5 3.Nc3 dxe4 4.Nxe4 Nf6 5.Bg5 Be7 6.Bxf6 gxf6 {Morozevich brought this line into the spotlight a few years back, and ever since it has become a favorite of the Indian GM Harikrishna and the German GM Bleubaum to name a few.} 7.Nf3 f5 {The \"irregular\" pawn structure makes the situation extremely tricky as the asymmetry helps the bishops big time.} 8.Ng3 {Not a good spot for the knight.} ( {White needs to orientate her play towards the d4-d5 break, therefore} 8.Nc3 {is the most common reply, when the game may continue} 8...a6 9.Qd2 b5 10.O-O-O Qd6 11.Kb1 Nd7 12.Bd3 c5 13.d5 c4 {with sharp battle in Maze,S (2582)-Harikrishna,P (2737) Berlin 2015} ) 8...h5 $1 {[%c_effect h5;square;h5;type;GreatFind;persistent;true] In the spirit of Steinitz. Rozman is cramping the knight with his rook pawn. [#]} 9.c3 $146 {This solid move is a novelty, after which Black is better already $1} ( {As we know, better is to search for a central play with:} 9.Qd2 h4 10.Ne2 c5 11.O-O-O Nc6 12.Qc3 Qa5 13.d5 $1 {[%c_effect d5;square;d5;type;GreatFind;persistent;true]} 13...Qxc3 14.Nxc3 exd5 15.Nxd5 Bd8 {when the white knights look good, Abdrlauf,E (2455)-Grischuk,A (2742) Chess.com INT 2022} ) ( {Or} 9.h4 {stopping the pawn instantly, although Black was doing great nevertheless after} 9...c5 10.Bb5+ Kf8 11.c3 cxd4 12.Qxd4 Qxd4 13.Nxd4 f4 14.Nge2 e5 15.Nf3 f6 {Kosteniuk,A (2550)-Sutovsky,E (2647) Caleta 2016} ) 9...h4 {The knight is almost trapped $1} 10.Ne2 c5 ( {Also good is} 10...Nd7 $5 {[%c_effect d7;square;d7;type;Interesting;persistent;true] sending the knight towards the juicy e4- and d5-squares.} ) 11.Qd3 ( {This is the last moment when White got a chance for} 11.d5 $5 {[%c_effect d5;square;d5;type;Interesting;persistent;true] and it should have been taken $1 After} 11...Qxd5 ( {Although Black can remain in control with} 11...Qd6 $5 {[%c_effect d6;square;d6;type;Interesting;persistent;true]} ) 12.Qxd5 exd5 13.Nf4 d4 14.cxd4 cxd4 15.O-O-O {White is back in the game.} ) 11...Nc6 12.O-O-O cxd4 13.Nexd4 {The knight made a whole circle to return to the center...} 13...Bd7 {A small slip.} ( 13...Nxd4 14.Nxd4 Bd7 $1 {[%c_effect d7;square;d7;type;GreatFind;persistent;true] would have been better instead.} ) 14.Kb1 {Zhou misses her chance.} ( 14.Nb5 $1 {[%c_effect b5;square;b5;type;GreatFind;persistent;true] would have been good, gaining counterplay against the enemy king after} 14...a6 ( {Black would do better with} 14...e5 $5 {[%c_effect e5;square;e5;type;Interesting;persistent;true]} 15.Nd6+ Bxd6 16.Qxd6 Be6 {with approximate equality.} ) 15.Nd6+ Bxd6 16.Qxd6 Qe7 17.Qc7 $1 {[%c_effect c7;square;c7;type;GreatFind;persistent;true] and White is now in charge.} ) 14...a6 $1 {[%c_effect a6;square;a6;type;GreatFind;persistent;true] Now everything is back in order. It is quite a deceptive position, as it seems as White is active and can enjoy her knights in the center. But if we have a closer look, we see that it is only Black who has improvement moves from here on, whereas the white knights are stuck and do not have aggressive outposts near the enemy king.} 15.Be2 Qc7 16.h3 {Only helps Black.} ( {Maybe} 16.Rd2 O-O-O 17.Rhd1 {hoping for some trades along the d-file is an option.} ) 16...O-O-O ( {Or} 16...Rg8 17.Rhg1 O-O-O ) 17.Qc2 Rhg8 18.Rhg1 Bf6 {The black bishops start to aim at the enemy camp.} 19.Nb3 Qb6 ( {Here and on the next moves} 19...Ne7 $5 {[%c_effect e7;square;e7;type;Interesting;persistent;true] followed by Ne7-d5 and Bd7-a4 (c6) would have been a nice reorganization.} ) 20.Nfd4 ( 20.Bd3 Ne7 ) 20...Kb8 21.Bf3 ( {White should have at least tried the desperate counterplay with} 21.Nxc6+ Bxc6 22.Bf3 Rxd1+ 23.Qxd1 {Then if Black is greedy} ( {Not} 23.Rxd1 Bxf3 24.gxf3 Rg2 {when Black crashes through.} ) 23...Qxf2 24.Bxc6 bxc6 ( {True, Black can repel this with} 24...Rd8 $1 {[%c_effect d8;square;d8;type;GreatFind;persistent;true]} ) 25.Qd6+ {White would get what she wants.} ) 21...Ne5 {Now the black pieces quickly take commanding positions.} 22.Be2 Ba4 $1 {[%c_effect a4;square;a4;type;GreatFind;persistent;true] Poor knights...} 23.f4 Ng6 ( {Another way to exploit the difference in the strength of the bishops and the knights is} 23...Nc6 24.Nf3 Na5 25.Nfd2 Be7 $1 {[%c_effect e7;square;e7;type;GreatFind;persistent;true] with the unstoppable Be7-c5 $1} ) 24.Qd2 Ne7 ( {Rozman could have already forced} 24...Bxb3 25.axb3 Bxd4 26.cxd4 Ne7 ) 25.Bf3 Bxb3 {Time to use the bishops and advantage and trade them for the knights.} 26.axb3 Bxd4 27.cxd4 Qxb3 {And the pawn.} 28.Rge1 Nd5 29.Rc1 Nb4 {And for mate.} 0-1